[Event "Positano op 6th"]
[Site "Positano"]
[Date "2009.12.07"]
[Round "5"]
[White "Stoja, Rocco"]
[Black "Messina, Salvatore"]
[Result "1-0"]
[WhiteElo "1828"]
[BlackElo "1631"]
[PlyCount "47"]
[EventDate "2009.12.05"]
[EventType "swiss"]
[EventRounds "7"]
[EventCountry "ITA"]
[SourceTitle "EXT 2012"]
[Source "ChessBase"]
[SourceDate "2011.11.24"]
[SourceVersion "1"]
[SourceVersionDate "2011.11.24"]
[SourceQuality "1"]

1. e4 c5 2. Nf3 d6 3. d4 cxd4 4. Nxd4 Nf6 5. Nc3 a6 6. Be2 e6 7. 0-0 b5 8. a3 Bb7 9. f3 Be7 10. Qe1 0-0 11. Bg5 Nbd7 12. Kh1 Rc8 13. Rd1 Qb6 14. Nb3 Nc5 15. Qf2 Qc6 16. Na5 Qc7 17. Nxb7 Nxb7 18. Qe3 Rfe8 19. f4 Nc5 20. f5 d5 21. e5 Nfd7 22. Bxe7 Rxe7 23. f6 Ree8 24. Qg5 1-0

[Event "Amantea op-A 6th"]
[Site "Amantea"]
[Date "2008.09.03"]
[Round "4"]
[White "Ljubisavljevic, Zivojin Z"]
[Black "Stoja, Rocco"]
[Result "1-0"]
[WhiteElo "2261"]
[BlackElo "1899"]
[PlyCount "43"]
[EventDate "2008.08.31"]
[EventType "swiss"]
[EventRounds "9"]
[EventCountry "ITA"]
[SourceTitle "CBM 126 Extra"]
[Source "ChessBase"]
[SourceDate "2008.11.05"]
[SourceVersion "1"]
[SourceVersionDate "2008.11.05"]
[SourceQuality "1"]

1. b3 b6 2. Bb2 Bb7 3. c4 d5 4. cxd5 Bxd5 5. Nc3 Nf6 6. Nxd5 Qxd5 7. Nf3 g6 8. Qc1 c5 9. g3 Nbd7 10. Bg2 Rd8 11. 0-0 Bg7 12. d4 Qh5 13. h3 0-0 14. g4 Qd5 15. Ne5 Ne4 16. Nxd7 Rxd7 17. Qc2 f5 18. dxc5 Bxb2 19. Qxb2 bxc5 20. Qc2 Qd2 21. Bxe4 fxe4 22. Qxe4 1-0